[Event "VI Festival A"]
[Site "Vanzaghello ITA"]
[Date "2010.05.22"]
[Round "3"]
[White "Palminteri, Vincenzo"]
[Black "Raselli, Claudio"]
[Result "1/2-1/2"]
[WhiteElo "1893"]
[BlackElo "1950"]
[PlyCount "101"]
[EventDate "2010.05.21"]

1. e4 e6 2. d4 d5 3. Nd2 c5 4. exd5 exd5 5. dxc5 Bxc5 6. Ngf3 Bg4 7. Be2 Ne7 8.
O-O O-O 9. Nb3 Bd6 10. h3 Bh5 11. Nfd4 Bxe2 12. Qxe2 Nbc6 13. Qg4 Ne5 14. Qe2
a6 15. Bf4 Nc4 16. Rfe1 Ng6 17. Bxd6 Qxd6 18. Nd2 Nf4 19. Qg4 h5 20. Nxc4 dxc4
21. Qxg7+ Kxg7 22. Nf5+ Kg6 23. Nxd6 b5 24. Rad1 Ra7 25. Re3 Rd8 26. Rg3+ Kh7
27. Rf3 Ne6 28. Rd5 Rad7 29. Rxh5+ Kg6 30. Rhf5 Rxd6 31. Rf6+ Kg7 32. Rxf7+ Kg8
33. Re7 R8d7 34. Re8+ Kg7 35. h4 Rf7 36. Rg3+ Kh7 37. Rgg8 Nd4 38. Rh8+ Kg7 39.
Reg8+ Kf6 40. h5 Nxc2 41. g4 Ke7 42. Re8+ Kd7 43. Rd8+ Kc7 44. Ra8 Rd1+ 45. Kg2
Ne1+ 46. Kf1 Nd3+ 47. Ke2 Re1+ 48. Kd2 Rxf2+ 49. Kc3 Rc1+ 50. Kd4 Rf4+ 51. Kd5
1/2-1/2

[Event "VI Festival A"]
[Site "Vanzaghello ITA"]
[Date "2010.05.22"]
[Round "3"]
[White "Ragoso, Mario"]
[Black "Lai, Daniela"]
[Result "1-0"]
[WhiteElo "1745"]
[BlackElo "1353"]
[PlyCount "39"]
[EventDate "2010.05.21"]

1. e4 c5 2. c3 Nc6 3. d4 cxd4 4. cxd4 e6 5. Nf3 d5 6. e5 Be7 7. Bd3 f6 8. Bf4
Qb6 9. Qe2 Bd7 10. O-O Rc8 11. Rd1 Nb4 12. exf6 Bxf6 13. Ne5 Nxd3 14. Qxd3 Qxb2
15. Nxd7 Kxd7 16. Na3 a6 17. Rab1 Qc3 18. Rxb7+ Ke8 19. Qxa6 Qc6 20. Rb6 1-0

[Event "VI Festival A"]
[Site "Vanzaghello ITA"]
[Date "2010.05.22"]
[Round "3"]
[White "Rota, Simone"]
[Black "Ranfagni, Stefano"]
[Result "1/2-1/2"]
[WhiteElo "2019"]
[BlackElo "2011"]
[PlyCount "52"]
[EventDate "2010.05.21"]

1. e4 e5 2. Bc4 Nf6 3. d3 Nc6 4. Nf3 Bc5 5. Bg5 d6 6. h3 h6 7. Bh4 Be6 8. Bb3
Qd7 9. Nc3 O-O-O 10. Nd5 Bxd5 11. Bxf6 gxf6 12. Bxd5 Nd4 13. c3 Nxf3+ 14. Qxf3
Qe7 15. O-O-O c6 16. Bc4 Kb8 17. d4 Bb6 18. Rhe1 Rhg8 19. dxe5 fxe5 20. g3 Rg6
21. Re2 Rf6 22. Qg2 Rg6 23. Rd3 Qg5+ 24. Kb1 f5 25. Red2 fxe4 26. h4 Qxh4
1/2-1/2

[Event "VI Festival A"]
[Site "Vanzaghello ITA"]
[Date "2010.05.23"]
[Round "4"]
[White "Barlocco, Carlo"]
[Black "Rota, Simone"]
[Result "1-0"]
[WhiteElo "2156"]
[BlackElo "2019"]
[PlyCount "81"]
[EventDate "2010.05.21"]

1. d4 d5 2. Nf3 e6 3. Bf4 Bd6 4. Bxd6 Qxd6 5. Nbd2 Nd7 6. c4 Ngf6 7. e3 O-O 8.
cxd5 exd5 9. Be2 Re8 10. Qc2 c6 11. O-O Ne4 12. Nxe4 dxe4 13. Nd2 Qg6 14. Rfc1
Nf6 15. Nc4 Bg4 16. Ne5 Qg5 17. Nxg4 Nxg4 18. Qb3 Rab8 19. Rc5 Qh4 20. Bxg4
Qxg4 21. Rac1 h6 22. h3 Qd7 23. d5 Rec8 24. Qa4 Qd8 25. dxc6 bxc6 26. b3 Qd2
27. R5c2 Qd7 28. Qxe4 Rb6 29. Rc4 Qd2 30. Qc2 Qd6 31. Rd4 Qa3 32. Rcd1 Rf8 33.
Rd7 Ra6 34. R1d2 Qa5 35. Qc4 Rb6 36. Rxf7 Rxf7 37. Rd8+ Kh7 38. Qxf7 Qg5 39.
Qg8+ Kg6 40. Rd6+ Kf5 41. Qf7+ 1-0

[Event "VI Festival A"]
[Site "Vanzaghello ITA"]
[Date "2010.05.23"]
[Round "4"]
[White "Crepaldi, Marco"]
[Black "Lucchese, Paolo"]
[Result "1/2-1/2"]
[WhiteElo "1885"]
[BlackElo "1959"]
[PlyCount "29"]
[EventDate "2010.05.21"]

1. e4 e5 2. Nf3 Nc6 3. Bb5 a6 4. Ba4 Nf6 5. O-O Be7 6. Re1 b5 7. Bb3 O-O 8. c3
d6 9. h3 Na5 10. Bc2 c5 11. d4 cxd4 12. cxd4 Nc6 13. Nbd2 exd4 14. Nb3 Nb4 15.
Bb1 1/2-1/2

[Event "VI Festival A"]
[Site "Vanzaghello ITA"]
[Date "2010.05.23"]
[Round "4"]
[White "Di Chiara, Mauro"]
[Black "Torretta, Gilberto"]
[Result "1-0"]
[WhiteElo "1935"]
[BlackElo "1701"]
[PlyCount "71"]
[EventDate "2010.05.21"]

1. d4 Nf6 2. Nf3 c5 3. d5 d6 4. c4 e5 5. Nc3 g6 6. e4 Bg7 7. Be2 O-O 8. h3 h6
9. O-O Nh5 10. Be3 Nf4 11. Kh2 f5 12. Ng1 Nxe2 13. Qxe2 f4 14. Bd2 Nd7 15. g4
Nf6 16. f3 Bd7 17. a3 a5 18. a4 b6 19. Nb5 Bxb5 20. axb5 Qd7 21. Qg2 Kf7 22.
Ne2 Nh7 23. Be1 Bf6 24. Bf2 Qe7 25. Ra4 Rh8 26. Rfa1 h5 27. b4 hxg4 28. Qxg4
Ng5 29. Ng1 Rh6 30. bxa5 Rxa5 31. Rxa5 bxa5 32. Rxa5 Qb7 33. Kg2 Bd8 34. Ra6
Kg7 35. Rxd6 Nh7 36. Rd7+ 1-0

[Event "VI Festival A"]
[Site "Vanzaghello ITA"]
[Date "2010.05.23"]
[Round "4"]
[White "Doronzo, Giacomo"]
[Black "Nipote, Mario"]
[Result "0-1"]
[WhiteElo "1559"]
[BlackElo "1607"]
[PlyCount "84"]
[EventDate "2010.05.21"]

1. e4 d5 2. e5 Nc6 3. f4 Bf5 4. Nf3 e6 5. d4 Nb8 6. Bd3 Bxd3 7. Qxd3 c5 8. O-O
Nc6 9. c3 Nh6 10. Be3 Qb6 11. b3 Nf5 12. Bf2 Be7 13. Nbd2 O-O 14. g4 Nh6 15. h3
Kh8 16. Kh2 Qc7 17. Ng5 g6 18. Bg3 Qd7 19. Rad1 b6 20. Qc2 cxd4 21. c4 Bc5 22.
cxd5 Nb4 23. dxe6 fxe6 24. Qe4 Nd5 25. Nc4 Nc3 26. Qd3 Nxd1 27. Rxd1 Qc6 28.
Nd6 Rad8 29. Nxe6 Bxd6 30. exd6 Qxd6 31. f5 Qe7 32. Nxf8 Qxf8 33. Be5+ Kg8 34.
fxg6 Rd7 35. Rf1 Qe8 36. gxh7+ Rxh7 37. g5 Qxe5+ 38. Kh1 Qd5+ 39. Kh2 Qxg5 40.
Rg1 Ng4+ 41. Kg2 Ne5+ 42. Kh2 Qxg1+ 0-1

[Event "VI Festival A"]
[Site "Vanzaghello ITA"]
[Date "2010.05.23"]
[Round "4"]
[White "Marchesotti, Giovanni"]
[Black "Guzzetti, Luigi Enrico"]
[Result "0-1"]
[WhiteElo "1591"]
[BlackElo "1880"]
[PlyCount "70"]
[EventDate "2010.05.21"]

1. f4 Nf6 2. Nf3 g6 3. e3 Bg7 4. d4 d6 5. Be2 O-O 6. O-O Nbd7 7. Nbd2 c5 8. c3
Qc7 9. a3 a6 10. Ng5 Nd5 11. Ndf3 h6 12. Ne4 N7f6 13. Nxf6+ Nxf6 14. Nd2 b5 15.
Bf3 Bb7 16. Bxb7 Qxb7 17. Qf3 Qxf3 18. gxf3 cxd4 19. exd4 Nd5 20. Ne4 f5 21.
Nf2 Kf7 22. Nd3 Bf6 23. Bd2 Nb6 24. Be1 Nc4 25. Kf2 a5 26. b3 Nb6 27. Bd2 Nd5
28. b4 Rfc8 29. bxa5 Nxc3 30. Be3 Rxa5 31. Rfc1 Raa8 32. Nb4 Rc4 33. Ke1 Rac8
34. Na2 Nxa2 35. Rxc4 Rxc4 0-1

[Event "VI Festival A"]
[Site "Vanzaghello ITA"]
[Date "2010.05.23"]
[Round "4"]
[White "Messina, Gianmaria"]
[Black "Capuzzimati, Fausto"]
[Result "1-0"]
[WhiteElo "1792"]
[BlackElo "1497"]
[PlyCount "63"]
[EventDate "2010.05.21"]

1. e4 c5 2. Nc3 d6 3. g3 e5 4. Bg2 Nf6 5. d3 Nc6 6. h3 Be6 7. Nd5 Bd7 8. Ne2
Nxd5 9. exd5 Nd4 10. c3 Nxe2 11. Qxe2 Be7 12. O-O O-O 13. f4 Re8 14. f5 Bg5 15.
h4 Bxc1 16. Raxc1 f6 17. g4 a6 18. Be4 Rf8 19. Qe3 Qe7 20. Rc2 Rf7 21. Rh2 Raf8
22. Kf2 g5 23. hxg5 fxg5 24. Rfh1 Rg7 25. Ke1 Rff7 26. Rh6 Rf6 27. R6h5 Rff7
28. R1h2 Be8 29. Qg1 Rxf5 30. Bxf5 Bxh5 31. Rxh5 b5 32. Qh1 1-0

[Event "VI Festival A"]
[Site "Vanzaghello ITA"]
[Date "2010.05.23"]
[Round "4"]
[White "Novi', Giuseppe"]
[Black "Carbone, Lorenzo"]
[Result "1/2-1/2"]
[WhiteElo "1824"]
[BlackElo "1683"]
[PlyCount "93"]
[EventDate "2010.05.21"]

1. e4 c5 2. Nf3 d6 3. Bc4 e6 4. O-O Be7 5. c3 Nf6 6. Re1 O-O 7. d4 cxd4 8. cxd4
a6 9. Bd3 h6 10. Nc3 Nc6 11. a3 b5 12. b4 Bb7 13. h3 Rc8 14. Bb2 Qb6 15. d5 Nd8
16. Rc1 Nh5 17. Ne2 e5 18. Rxc8 Bxc8 19. Qc2 Nb7 20. Rc1 Qa7 21. Qc7 Re8 22.
Nd2 Nf6 23. Nb3 Qa8 24. Ng3 g6 25. Qb6 Kg7 26. Qe3 Nxd5 27. exd5 Bg5 28. Qf3
Bxc1 29. Bxc1 Nd8 30. Qe3 Rh8 31. Qf3 f5 32. Bc2 Nf7 33. Na5 Bd7 34. Nc6 Rc8
35. Bd2 Ng5 36. Bxg5 hxg5 37. Bxf5 Rf8 38. Ne7 Bxf5 39. Nexf5+ gxf5 40. Nxf5+
Kg6 41. g4 Qd8 42. Qd3 Kf7 43. Qc2 Qb6 44. Ng3 Kg7 45. Qd2 Kg6 46. Kg2 Rf4 47.
Qc2+ 1/2-1/2

[Event "VI Festival A"]
[Site "Vanzaghello ITA"]
[Date "2010.05.23"]
[Round "4"]
[White "Ragoso, Mario"]
[Black "Palminteri, Vincenzo"]
[Result "0-1"]
[WhiteElo "1745"]
[BlackElo "1893"]
[PlyCount "71"]
[EventDate "2010.05.21"]

1. e4 Nf6 2. e5 Nd5 3. d4 d6 4. Nf3 Bg4 5. Bc4 e6 6. O-O Be7 7. Nc3 Nb6 8. Bd3
O-O 9. Qe2 Nc6 10. Qe4 Bf5 11. Qe2 Bxd3 12. Qxd3 dxe5 13. dxe5 Nb4 14. Qe2 c6
15. Rd1 N6d5 16. Ne4 Qb6 17. a3 Qa6 18. c4 Nb6 19. Bg5 Bxg5 20. axb4 Qxc4 21.
Qxc4 Nxc4 22. Nexg5 Nxb2 23. Rd4 Rfd8 24. Ne4 Rxd4 25. Nxd4 Nd3 26. Nf3 b5 27.
Rb1 a5 28. bxa5 Rxa5 29. Kf1 c5 30. g3 c4 31. Ke2 Ra2+ 32. Ke3 b4 33. Ned2 Nb2
34. Nxc4 Nxc4+ 35. Kd4 Nb2 36. Ke3 0-1

[Event "VI Festival A"]
[Site "Vanzaghello ITA"]
[Date "2010.05.23"]
[Round "4"]
[White "Ranfagni, Stefano"]
[Black "Raselli, Claudio"]
[Result "1/2-1/2"]
[WhiteElo "2011"]
[BlackElo "1950"]
[PlyCount "63"]
[EventDate "2010.05.21"]

1. e4 e6 2. d4 d5 3. Nd2 c5 4. Ngf3 Nc6 5. c3 Nf6 6. e5 Nd7 7. Bd3 cxd4 8. cxd4
Be7 9. O-O O-O 10. Re1 Qb6 11. Nb3 a5 12. a4 f6 13. exf6 Nxf6 14. Ng5 Nb4 15.
Bb5 h6 16. Nf3 Bd7 17. Ne5 Bxb5 18. axb5 Bd6 19. Ng6 Rfe8 20. Bf4 Bxf4 21. Nxf4
Ne4 22. f3 Nf6 23. Kh1 Qd6 24. Nd3 Nxd3 25. Qxd3 b6 26. Rac1 Rac8 27. Kg1 Qd7
28. Nd2 Rxc1 29. Rxc1 Rc8 30. Re1 Rc7 31. Nb1 Kf7 32. Nc3 1/2-1/2

[Event "VI Festival A"]
[Site "Vanzaghello ITA"]
[Date "2010.05.23"]
[Round "4"]
[White "Schingaro, Angelo"]
[Black "Madaschi, Sergio"]
[Result "1-0"]
[WhiteElo "1714"]
[BlackElo "1570"]
[PlyCount "61"]
[EventDate "2010.05.21"]

1. e4 c5 2. Nf3 d6 3. d4 cxd4 4. Nxd4 Nf6 5. Nc3 a6 6. Be3 Nc6 7. f3 g6 8. Qd2
Bg7 9. O-O-O O-O 10. Bc4 Qc7 11. Bb3 Ne5 12. h4 Nc4 13. Bxc4 Qxc4 14. g4 b5 15.
Kb1 Bd7 16. h5 b4 17. Nd5 Nxd5 18. exd5 Rfc8 19. hxg6 hxg6 20. Nb3 a5 21. Bd4
f6 22. Be3 Kf7 23. Rh7 a4 24. Na1 b3 25. cxb3 axb3 26. a3 Bb5 27. Bh6 Rg8 28.
Qe3 Ba4 29. Qe6+ Kf8 30. Bxg7+ Rxg7 31. Rh8+ 1-0

[Event "VI Festival A"]
[Site "Vanzaghello ITA"]
[Date "2010.05.23"]
[Round "5"]
[White "Carbone, Lorenzo"]
[Black "Marchesotti, Giovanni"]
[Result "1/2-1/2"]
[WhiteElo "1683"]
[BlackElo "1591"]
[PlyCount "52"]
[EventDate "2010.05.21"]

1. e4 c5 2. Nf3 e6 3. d4 cxd4 4. Nxd4 a6 5. Be2 Nf6 6. Nc3 Qc7 7. a3 Be7 8. O-O
O-O 9. Be3 d6 10. f4 Nc6 11. Nb3 b6 12. Qe1 Nd7 13. Qg3 Bf6 14. Rad1 Ne7 15.
Rd3 Bb7 16. Bf3 Nc5 17. Nxc5 dxc5 18. Rfd1 Bxc3 19. Rxc3 Rad8 20. Rcd3 Rxd3 21.
Rxd3 Rd8 22. h4 Rxd3 23. cxd3 Qd7 24. Be2 f5 25. e5 Nc6 26. Qf2 Nd4 1/2-1/2

[Event "VI Festival A"]
[Site "Vanzaghello ITA"]
[Date "2010.05.23"]
[Round "5"]
[White "Di Chiara, Mauro"]
[Black "Loi, Alberto"]
[Result "1-0"]
[WhiteElo "1935"]
[BlackElo "1640"]
[PlyCount "85"]
[EventDate "2010.05.21"]

1. d4 d5 2. Nf3 e6 3. c4 Nf6 4. Nc3 Be7 5. cxd5 Nxd5 6. e4 Nxc3 7. bxc3 O-O 8.
Bd3 c5 9. O-O cxd4 10. cxd4 b6 11. e5 Ba6 12. Be4 Bxf1 13. Bxa8 Bc4 14. Qa4 Qc7
15. Be4 Rc8 16. Be3 b5 17. Qc2 Nd7 18. Bxh7+ Kf8 19. Bd3 Nb6 20. h4 Nd5 21. a3
Bxa3 22. Bxc4 b4 23. Qh7 Nxe3 24. Bxe6 fxe6 25. fxe3 Qf7 26. Ng5 Qg8 27. Rf1+
Ke7 28. Rf7+ Qxf7 29. Nxf7 Rc1+ 30. Kf2 Kxf7 31. Qd3 Rc7 32. d5 Rc3 33. dxe6+
Kxe6 34. Qd6+ Kf5 35. e6 Rc2+ 36. Kf3 b3 37. e4+ Kg6 38. Qxa3 b2 39. e7 b1=Q
40. e8=Q+ Kh7 41. Qh5+ Kg8 42. Qd5+ Kh7 43. Qf5+ 1-0

[Event "VI Festival A"]
[Site "Vanzaghello ITA"]
[Date "2010.06.23"]
[Round "5"]
[White "Lai, Daniela"]
[Black "Nipote, Mario"]
[Result "0-1"]
[WhiteElo "1353"]
[BlackElo "1607"]
[PlyCount "116"]
[EventDate "2010.05.21"]

1. e4 c6 2. d4 d5 3. e5 Bf5 4. Nf3 e6 5. Be2 c5 6. c3 Nc6 7. O-O Be7 8. Na3 Qb6
9. Nc2 Bxc2 10. Qxc2 cxd4 11. cxd4 a6 12. Rd1 Nh6 13. Rb1 Nf5 14. Rd3 O-O 15.
a3 Rac8 16. Qb3 Qxb3 17. Rxb3 Ncxd4 18. Nxd4 Nxd4 19. Rxb7 Nxe2+ 20. Kf1 Rxc1+
21. Rxc1 Nxc1 22. Rxe7 Nd3 23. b4 Nxe5 24. Rc7 Rd8 25. a4 d4 26. b5 axb5 27.
axb5 Rb8 28. b6 g5 29. b7 Kg7 30. Ke2 Ng6 31. g3 e5 32. Kd3 Nf8 33. f4 Ne6 34.
Re7 Nc5+ 35. Kc4 Rxb7 36. Rxe5 Nd7 37. Rxg5+ Kf6 38. Kxd4 Nf8 39. Ke4 Rb4+ 40.
Kf3 Rb2 41. h3 Rb3+ 42. Kg4 h6 43. Rf5+ Kg6 44. Rh5 Rxg3+ 45. Kxg3 Kxh5 46. Kf3
Kh4 47. f5 f6 48. Kg2 Kg5 49. Kg3 Kxf5 50. Kf3 Ng6 51. Kg3 Ke4 52. h4 f5 53. h5
f4+ 54. Kf2 Ne7 55. Ke2 Nd5 56. Kf2 Nc3 57. Kf1 Kf3 58. Kg1 Ke2 0-1

[Event "VI Festival A"]
[Site "Vanzaghello ITA"]
[Date "2010.05.23"]
[Round "5"]
[White "Madaschi, Sergio"]
[Black "Doronzo, Giacomo"]
[Result "1-0"]
[WhiteElo "1570"]
[BlackElo "1559"]
[PlyCount "87"]
[EventDate "2010.05.21"]

1. e4 e5 2. Nf3 Nc6 3. Bb5 Nd4 4. Nxd4 exd4 5. c3 c5 6. d3 g6 7. Bf4 Bg7 8. O-O
Ne7 9. Qd2 a6 10. Ba4 b5 11. Bb3 Bb7 12. Na3 dxc3 13. bxc3 O-O 14. Rad1 d5 15.
e5 Nc6 16. d4 c4 17. Bc2 Qe7 18. Nb1 a5 19. Bg5 Qc7 20. Bh6 b4 21. Bxg7 Kxg7
22. Qg5 Qe7 23. Qxe7 Nxe7 24. Ba4 Bc6 25. Bxc6 Nxc6 26. f4 b3 27. Rd2 a4 28.
Rdf2 a3 29. g3 Nb4 30. cxb4 Rfc8 31. Nc3 b2 32. Rg2 Rd8 33. Rc2 Rac8 34. Rb1
Rb8 35. b5 Rd7 36. Kf2 Kf8 37. Kf3 h5 38. Re2 Ke7 39. h3 Rb6 40. g4 Rd8 41. f5
Rd7 42. Kf4 Rd8 43. Kg5 Rg8 44. Nxd5+ 1-0

[Event "VI Festival A"]
[Site "Vanzaghello ITA"]
[Date "2010.05.23"]
[Round "5"]
[White "Messina, Gianmaria"]
[Black "Ragoso, Mario"]
[Result "1-0"]
[WhiteElo "1792"]
[BlackElo "1745"]
[PlyCount "91"]
[EventDate "2010.05.21"]

1. e4 e5 2. Nc3 Nf6 3. f4 d6 4. Nf3 exf4 5. d4 Be7 6. Bxf4 O-O 7. Qd2 Na6 8.
O-O-O c5 9. d5 Bd7 10. a3 b5 11. e5 b4 12. Bxa6 bxc3 13. Qxc3 Ne4 14. Qe3 Qa5
15. Qxe4 Qxa6 16. exd6 Bxd6 17. Bxd6 Qxd6 18. Rhe1 Rfe8 19. Qd3 Reb8 20. Ne5
Bb5 21. Qf3 Be8 22. h3 Rb6 23. Nc4 Qh6+ 24. Qe3 Qxe3+ 25. Rxe3 Rg6 26. g4 Rh6
27. d6 Bb5 28. b3 Bxc4 29. bxc4 Rd8 30. Rde1 Re6 31. Rxe6 fxe6 32. Rxe6 Rd7 33.
Re5 Rxd6 34. Rxc5 Ra6 35. Kb2 Kf7 36. Rb5 Ke6 37. Rb7 Kf6 38. Kb3 Re6 39. c5
Re3+ 40. Kc4 Rxa3 41. c6 Ke6 42. Rxg7 Ra6 43. Kb5 Rb6+ 44. Kc5 Rb2 45. c4 a5
46. c7 1-0

[Event "VI Festival A"]
[Site "Vanzaghello ITA"]
[Date "2010.05.23"]
[Round "5"]
[White "Palminteri, Vincenzo"]
[Black "Crepaldi, Marco"]
[Result "1/2-1/2"]
[WhiteElo "1893"]
[BlackElo "1885"]
[PlyCount "85"]
[EventDate "2010.05.21"]

1. e4 c5 2. c3 Nf6 3. e5 Nd5 4. d4 cxd4 5. cxd4 d6 6. exd6 Qxd6 7. Nc3 a6 8.
Nf3 Nc6 9. Be2 e6 10. O-O Be7 11. Be3 O-O 12. Rc1 b5 13. Qd3 Nf6 14. Ng5 Nb4
15. Qd2 Bb7 16. a3 Nbd5 17. Nce4 Qb6 18. Bf3 Nd7 19. Nc3 Nxe3 20. Qxe3 Bxg5 21.
Qxg5 Bxf3 22. gxf3 Qxd4 23. Rfd1 Qf6 24. f4 Rfd8 25. Ne4 Qxb2 26. Nc5 Nf6 27.
Re1 Rd5 28. Qg3 Rc8 29. Nxe6 fxe6 30. Rxc8+ Kf7 31. Rc7+ Nd7 32. Qh3 Qf6 33.
Rc6 Nc5 34. Qe3 Qf5 35. Rc7+ Kg8 36. Kh1 g5 37. Qc3 Nd7 38. fxg5 Rd3 39. Qc6 e5
40. Rg1 e4 41. Rc8+ Kf7 42. Re1 Qf3+ 43. Kg1 1/2-1/2

[Event "VI Festival A"]
[Site "Vanzaghello ITA"]
[Date "2010.05.23"]
[Round "5"]
[White "Ranfagni, Stefano"]
[Black "Barlocco, Carlo"]
[Result "0-1"]
[WhiteElo "2011"]
[BlackElo "2156"]
[PlyCount "130"]
[EventDate "2010.05.21"]

1. e4 Nc6 2. Nf3 d6 3. d4 Nf6 4. Nc3 Bg4 5. Be2 e6 6. Be3 Be7 7. Qd2 d5 8. exd5
Nxd5 9. Nxd5 Qxd5 10. O-O O-O 11. h3 Bh5 12. Rfe1 Rad8 13. a3 Bf6 14. Rad1 Qd7
15. c3 Rfe8 16. Bg5 Qe7 17. Bxf6 Qxf6 18. Qg5 Qxg5 19. Nxg5 Bxe2 20. Rxe2 Rd5
21. f4 Red8 22. Rf1 Ne7 23. g4 Ng6 24. Kg2 Nxf4+ 25. Rxf4 Rxg5 26. Kg3 c5 27.
Ref2 Rd7 28. h4 Rgd5 29. dxc5 Rxc5 30. g5 Rcd5 31. Rc4 g6 32. Kg4 Kg7 33. Rcf4
Rf5 34. Rxf5 exf5+ 35. Kf4 Re7 36. Kg3 h6 37. gxh6+ Kxh6 38. Rd2 Kg7 39. c4 b6
40. Rd3 f6 41. b4 g5 42. c5 bxc5 43. bxc5 Kf7 44. c6 Rc7 45. hxg5 Rxc6 46. gxf6
Kxf6 47. Kf3 Kg5 48. Kg3 Rb6 49. Kf3 a5 50. Kf2 Rb2+ 51. Kf1 Ra2 52. Rg3+ Kf4
53. Rc3 Kg4 54. Rc4+ f4 55. Ra4 Kf3 56. Ke1 Ke3 57. Kd1 f3 58. Rxa5 f2 59. Rf5
f1=Q+ 60. Rxf1 Ra1+ 61. Kc2 Rxf1 62. Kb3 Kd4 63. Kb4 Rb1+ 64. Ka5 Rb8 65. a4
Kc5 0-1

[Event "VI Festival A"]
[Site "Vanzaghello ITA"]
[Date "2010.05.23"]
[Round "5"]
[White "Raselli, Claudio"]
[Black "Guzzetti, Luigi Enrico"]
[Result "0-1"]
[WhiteElo "1950"]
[BlackElo "1880"]
[PlyCount "68"]
[EventDate "2010.05.21"]

1. d4 Nf6 2. Bg5 g6 3. Bxf6 exf6 4. e3 Bg7 5. Ne2 O-O 6. g3 d6 7. Bg2 Nd7 8.
O-O f5 9. c4 Nf6 10. Nbc3 c6 11. b4 Be6 12. d5 cxd5 13. cxd5 Bd7 14. Rc1 Qb6
15. Qb3 Bb5 16. Nxb5 Qxb5 17. Nd4 Qd7 18. Rc4 Rfc8 19. Rfc1 Ng4 20. Qc2 Rxc4
21. Qxc4 Bxd4 22. Qxd4 Rc8 23. Rc3 Rxc3 24. Qxc3 Qa4 25. Qd2 Ne5 26. Qc3 Qd1+
27. Bf1 Qxd5 28. Bg2 Qd1+ 29. Bf1 Nf3+ 30. Kg2 Nxh2 31. Qc8+ Kg7 32. Bc4 Ng4
33. Qxb7 Qc2 34. Qxf7+ Kh6 0-1

[Event "VI Festival A"]
[Site "Vanzaghello ITA"]
[Date "2010.05.23"]
[Round "5"]
[White "Rota, Simone"]
[Black "Lucchese, Paolo"]
[Result "1-0"]
[WhiteElo "2019"]
[BlackElo "1959"]
[PlyCount "77"]
[EventDate "2010.05.21"]

1. d4 c5 2. d5 e5 3. e4 d6 4. g3 Be7 5. Bg2 g6 6. Ne2 f5 7. c4 fxe4 8. Bxe4 Nf6
9. Bg2 O-O 10. O-O Nh5 11. f4 Bf6 12. Bf3 Bh3 13. Rf2 Ng7 14. Nbc3 exf4 15.
Bxf4 g5 16. Bd2 g4 17. Be4 Bd4 18. Nxd4 Rxf2 19. Kxf2 cxd4 20. Ne2 Nd7 21. Bf4
Qe7 22. Qxd4 Re8 23. Nc3 Nc5 24. Re1 Nf5 25. Qd2 Qf7 26. b4 Nxe4+ 27. Rxe4 Rxe4
28. Nxe4 b6 29. Qc3 h5 30. Qf6 Qxf6 31. Nxf6+ Kf7 32. Ne4 Ke7 33. a3 Kd7 34.
Nf6+ Ke7 35. Nxh5 Nd4 36. Bc1 Nf3 37. Nf4 Nxh2 38. Be3 Nf1 39. Nxh3 1-0

[Event "VI Festival A"]
[Site "Vanzaghello ITA"]
[Date "2010.05.23"]
[Round "5"]
[White "Schingaro, Angelo"]
[Black "Novi', Giuseppe"]
[Result "0-1"]
[WhiteElo "1714"]
[BlackElo "1824"]
[PlyCount "53"]
[EventDate "2010.05.21"]

1. e4 e6 2. d4 d5 3. Nc3 Nf6 4. e5 Nfd7 5. f4 a6 6. Nf3 c5 7. Be3 Nc6 8. g3 Be7
9. Bh3 O-O 10. O-O f5 11. exf6 Rxf6 12. Re1 Rh6 13. Bg2 cxd4 14. Nxd4 Nxd4 15.
Bxd4 Bc5 16. a3 Qb6 17. Bxc5 Qxc5+ 18. Kh1 Nf6 19. Qe2 e5 20. fxe5 Ng4 21. h3
Nf2+ 22. Kh2 Nxh3 23. Bxd5+ Kh8 24. Qe3 Qf8 25. Rf1 Nf2+ 26. Qxh6 gxh6 27. Kg2
0-1

[Event "VI Festival A"]
[Site "Vanzaghello ITA"]
[Date "2010.05.23"]
[Round "5"]
[White "Torretta, Gilberto"]
[Black "Capuzzimati, Fausto"]
[Result "1-0"]
[WhiteElo "1701"]
[BlackElo "1497"]
[PlyCount "29"]
[EventDate "2010.05.21"]

1. e4 c6 2. d4 d5 3. e5 Bf5 4. Nf3 e6 5. Be3 Bb4+ 6. c3 Ba5 7. Nbd2 Nd7 8. Be2
h6 9. h4 Qe7 10. h5 g5 11. hxg6 Bxg6 12. Bg5 f6 13. exf6 Ngxf6 14. Ne5 O-O-O
15. Nxg6 1-0

[Event "Festival Palio di Fabriano A"]
[Site "Fabriano ITA"]
[Date "2010.06.20"]
[Round "1"]
[White "Dragojlovic, Andjelko"]
[Black "Consalvo, Gerardo"]
[Result "1-0"]
[WhiteElo "2403"]
[BlackElo "2013"]
[PlyCount "39"]
[EventDate "2010.06.20"]

1. e4 c5 2. Nf3 d6 3. c3 Nf6 4. Be2 Nbd7 5. Qc2 Qc7 6. O-O g6 7. Bd1 Bg7 8. d4
O-O 9. Re1 e5 10. dxe5 dxe5 11. c4 b6 12. Nc3 a6 13. Bg5 Re8 14. Qe2 Nf8 15.
Ba4 Bd7 16. Bxf6 Bxf6 17. Nd5 Qd8 18. Bxd7 Nxd7 19. Rad1 Bg7 20. Nxb6 1-0

[Event "Festival Palio di Fabriano A"]
[Site "Fabriano ITA"]
[Date "2010.06.20"]
[Round "1"]
[White "Frontini, Fabio"]
[Black "Kizov, Atanas"]
[Result "0-1"]
[WhiteElo "1956"]
[BlackElo "2394"]
[PlyCount "60"]
[EventDate "2010.06.20"]

1. e4 c5 2. Nc3 Nc6 3. g3 g6 4. Bg2 Bg7 5. Nge2 e6 6. O-O Nge7 7. d3 O-O 8. f4
d6 9. b3 Nd4 10. Bb2 Qa5 11. Na4 b5 12. Bxd4 cxd4 13. e5 Rb8 14. exd6 Nf5 15.
Nc5 b4 16. d7 Qxc5 17. dxc8=Q Rbxc8 18. Rc1 Ne3 19. Qd2 Nxf1 20. Kxf1 a5 21.
Bb7 Rc7 22. Ba6 e5 23. Bc4 Bh6 24. Kg2 Re7 25. Rf1 Rfe8 26. Rf2 Kh8 27. Qd1
exf4 28. Nxf4 Bxf4 29. Rxf4 Re2+ 30. Kh3 Qh5+ 0-1

[Event "Festival Palio di Fabriano A"]
[Site "Fabriano ITA"]
[Date "2010.06.20"]
[Round "1"]
[White "Guglielmi, Dante"]
[Black "De Santis, Alessio"]
[Result "0-1"]
[WhiteElo "1897"]
[BlackElo "2316"]
[PlyCount "66"]
[EventDate "2010.06.20"]

1. c4 b6 2. Nc3 Bb7 3. d4 e6 4. Nf3 Bb4 5. e3 f5 6. Be2 Nf6 7. O-O Bxc3 8. bxc3
Ne4 9. Qc2 O-O 10. Ne5 d6 11. Nd3 Nd7 12. Nf4 Qf6 13. f3 Ng5 14. Bd3 c6 15. e4
e5 16. Nh5 Qg6 17. Ng3 f4 18. Nf5 Qf6 19. Ba3 c5 20. Rad1 Nf7 21. g3 g6 22. Nh4
Rfe8 23. d5 Nf8 24. Ng2 Bc8 25. g4 h5 26. h3 Ng5 27. Kh2 hxg4 28. fxg4 Qh8 29.
Qf2 Qxh3+ 30. Kg1 Bxg4 31. Be2 f3 32. Rd3 fxe2 33. Rxh3 Nxh3+ 0-1

[Event "Festival Palio di Fabriano A"]
[Site "Fabriano ITA"]
[Date "2010.06.20"]
[Round "1"]
[White "Pegoraro, Nicola"]
[Black "Gaoni, Vincenzo"]
[Result "1/2-1/2"]
[WhiteElo "2036"]
[BlackElo "1825"]
[PlyCount "47"]
[EventDate "2010.06.20"]

1. e4 c5 2. Nf3 Nc6 3. d4 cxd4 4. Nxd4 Nf6 5. Nc3 e6 6. Be2 Bb4 7. Nxc6 bxc6 8.
O-O Bxc3 9. bxc3 Nxe4 10. Qd4 d5 11. Ba3 f6 12. f3 Nd6 13. Qc5 Nb5 14. Bxb5
cxb5 15. Kh1 Bd7 16. Rfe1 Kf7 17. f4 Rc8 18. Qxa7 Rc7 19. Qe3 Rc4 20. Rad1 Qc7
21. f5 Re4 22. Qd3 Rxe1+ 23. Rxe1 Re8 24. fxe6+ 1/2-1/2

[Event "Festival Palio di Fabriano A"]
[Site "Fabriano ITA"]
[Date "2010.06.21"]
[Round "2"]
[White "Cereda, Loris"]
[Black "Basso, Pier Luigi"]
[Result "1-0"]
[WhiteElo "2026"]
[BlackElo "1666"]
[PlyCount "75"]
[EventDate "2010.06.20"]

1. e4 c6 2. d4 d5 3. exd5 cxd5 4. Bd3 Nf6 5. Bf4 e6 6. c3 Bd6 7. Bxd6 Qxd6 8.
Nf3 Nbd7 9. Qe2 O-O 10. O-O b6 11. Nbd2 Bb7 12. Ne5 Qc7 13. f4 Ne8 14. Rf3 f5
15. Rh3 Nxe5 16. fxe5 g6 17. Nf3 Ng7 18. Ng5 h5 19. Nf3 Kf7 20. Rg3 Rh8 21. Nh4
Rh6 22. Qe3 Rah8 23. Qg5 Bc6 24. Nxg6 R8h7 25. Qf6+ Ke8 26. Qf8+ Kd7 27. Nf4
Ne8 28. Nxe6 Rxe6 29. Bxf5 Rhe7 30. Rg6 Qd8 31. Rxe6 Rxe6 32. Qf7+ Kc8 33.
Bxe6+ Kb8 34. Rf1 Qg5 35. Qf4 Qg6 36. Bf5 Qg8 37. e6+ Kb7 38. Bh7 1-0